000 00251nam a22001217a 4500
999 _c167451
_d167451
082 _a
_b
100 _aHudson R A
245 _aSociolinguistics/
_cby Hudson R A.
260 _a
_bCambridge,
_c2007.
300 _a277p.
650 _a
942 _cBK